=LDR 00000nam 2200000 4500 =001 INLIS000000000008189 =005 20130612100107 =008 ***********************************Ind** =035 ##$$0010-061300000008189 =041 ##$$a Ind =082 ##$$a 808.1 =090 ##$$a 808.1, Bay c =100 ##$$a Bayati, Abdul Wahab =245 ##$$a Cinta kematian keterasingan, Abdul Wahab Al-Bayati, Arini Faqir =260 ##$$a 2001 $b Yogyakarta =300 ##$$a 249 hlm, 21 cm =650 ##$$a Puisi-Kumpulan